Central Library and Information Centre
Sibsagar Girls' College, Sivasagar : Assam

FUNDAMENTALS SOLID STATE PHYSICS (Record no. 9265)

MARC details
000 -LEADER
fixed length control field 00405cam a2200169ua 4500
008 - FIXED-LENGTH DATA ELEMENTS--GENERAL INFORMATION
fixed length control field 120120n1997 II |||gr||||Z||||||eng
040 ## - CATALOGING SOURCE
Original cataloging agency MAIN
041 ## - LANGUAGE CODE
-- English
082 ## - DEWEY DECIMAL CLASSIFICATION NUMBER
Classification number 530.41 SAX
100 ## - MAIN ENTRY--PERSONAL NAME
Personal name SAXENA,GUPTA & SAXENA.
245 ## - TITLE STATEMENT
Title FUNDAMENTALS SOLID STATE PHYSICS
260 ## - PUBLICATION, DISTRIBUTION, ETC.
Place of publication, distribution, etc. MEERUT
Name of publisher, distributor, etc. PRAGATI PRAKASHAN
Date of publication, distribution, etc. 1997
300 ## - PHYSICAL DESCRIPTION
Extent 633.
942 ## - ADDED ENTRY ELEMENTS (KOHA)
Koha item type Books
653 ## - INDEX TERM--UNCONTROLLED
Uncontrolled term SOLID STATE PHYSICS
Holdings
Withdrawn status Lost status Damaged status Not for loan Collection code Home library Current library Shelving location Date acquired Full call number Barcode Date last seen Copy number Price effective from Koha item type Public note
        TBPHY Central Library and Information Centre Sibsagar Girls College Central Library and Information Centre Sibsagar Girls College PHYSICS BOOK RACK 21.07.2000 530.41 SAX 16158 27.02.2020 1 27.02.2020 Books V


Sibsagar Girl's College © 2020. All rights reserved.
Powered by Koha.
Maintained by Abhijit Borpuzari.